000 00358nam a2200145Ia 4500
008 221030s9999 xx 000 0 und d
020 _a0670889911
041 _aEnglish
100 _aKhushwant Singh
245 4 _aThe Company of Women
_cby Khushwant Singh
260 _bPenguin books
_aNew Delhi
_c1999
300 _a296
650 _aGeneral
942 _cBK
999 _c17591
_d17591